000 00217 a2200097 4500
001 41251
100 _aVincent, A
245 _aTeh long road home
260 _aLondon
_bGeorge allen & unwin
_c
090 _c25461
_d25461
942 _aNUST-CAE
_cM
_c17182
999 _c276324
_d276324